Normal view MARC view

Entry Nombre personal

Number of records used in: 2

001 - NÚMERO DE CONTROL

  • campo de control: 991

003 - IDENTIFICADOR DE NÚMERO DE CONTROL

  • campo de control: AR-BaBN

005 - FECHA Y HORA DE LA ÚLTIMA TRANSACCIÓN

  • campo de control: 20260330111500.0

008 - ELEMENTOS DE DATO DE LONGITUD-FIJA

  • campo de control de longitud fija: 170731nn acznnaabn a aaa

016 7# - NÚMERO DE CONTROL DE UNA AGENCIA BIBLIOGRÁFICA NACIONAL

  • Número de control del registro: 000048632
  • Fuente: AR-BaBN

024 7# - IDENTIFICADOR DE OTROS ESTÁNDARES

  • Número estándar o código: 96992551
  • Fuente: viaf
  • URI de un objeto del mundo real: http://viaf.org/viaf/96992551

040 ## - FUENTE DE CATALOGACIÓN

  • Centro catalogador/agencia de origen: AR-BaBN
  • Lengua de catalogación: spa
  • Centro/agencia transcriptor: AR-BaBN
  • Normas de descripción: aacr

043 ## - CÓDIGO DE ÁREA GEOGRÁFICA

  • Código de área geográfica: n-us---

046 ## - FECHAS CON CODIFICACIÓN ESPECIAL

  • Fecha de nacimiento: 1902-02-27
  • Fecha de la muerte: 1968-12-20
  • Fuente del esquema de fecha: edtf

075 ## - TIPO DE ENTIDAD

  • Término tipo de entidad: persona
  • Fuente: rda

100 1# - ENCABEZAMIENTO-NOMBRE DE PERSONA

  • Nombre de persona: Steinbeck, John,
  • Fechas asociadas al nombre: 1902-1968

370 ## - LUGAR ASOCIADO

  • Lugar de nacimiento: Salinas (Estados Unidos)
  • Lugar de fallecimiento: Nueva York (Estados Unidos)

372 ## - CAMPO DE ACTIVIDAD

  • Campo de actividad: Literatura

374 ## - OCUPACIÓN

  • Ocupación: Escritores

375 ## - GÉNERO/SEXO

  • Género: Varón

377 ## - IDIOMA ASOCIADO

  • Código del idioma: eng
  • Término de lengua/lenguaje: inglés

400 1# - TRAZADO DE VÉASE--NOMBRE DE PERSONA

  • Nombre de persona: Steinbeck, John Ernst,
  • Fechas asociadas al nombre: 1902-1968

670 ## - FUENTE DE DATOS ENCONTRADOS

  • Cita de la fuente: Tortilla flat, 1935.

670 ## - FUENTE DE DATOS ENCONTRADOS

  • Cita de la fuente: Library of Congress Authorities, 31 jul. 2017:
  • Información encontrada: cat. aut. (Steinbeck, John, 1902-1968)

670 ## - FUENTE DE DATOS ENCONTRADOS

  • Cita de la fuente: WWW Wikipedia.com, 31 jul. 2017:
  • Información encontrada: (Steinbeck, John, fue un escritor estadounidense ganador del Premio Nobel de Literatura y autor de conocidas novelas como De ratones y hombres, Las uvas de la ira, La perla y Al este del Edén)